00317pab a2200133 454500008004000000100002000040245004200060260000900102300001300111362001200124650000800136700001900144773002000163180718b2004 xxu||||| |||| 00| 0 eng d aBanerjee, Sarda aSustainable tea plantation management c2004 ap.34-68. aJan-Mar aTea aBanerjee, G.D. aIASSI Quarterly